Vernacular architecture in its social context : a case study of Eressos, GREECE : a dissertation in architecture
Saved in:
| Main Author: | |
|---|---|
| Corporate Author: | |
| Format: | Thesis Book |
| Language: | English |
| Published: |
Pennsylvania :
University of Pennsylvania,
1985
|
| Subjects: | |
| Tags: |
Add Tag
No Tags, Be the first to tag this record!
|
MARC
| LEADER | 00000cam a2200000 i 4500 | ||
|---|---|---|---|
| 001 | 1/10969 | ||
| 008 | 000907s1985 eng d | ||
| 035 | |l 10063655 | ||
| 040 | |a GR-MY-UA |b gre |e aacr | ||
| 041 | 0 | |a eng | |
| 082 | 0 | |a 306.4 |2 (22) | |
| 100 | 1 | |a Pavlides, Eleftherios. | |
| 245 | 1 | 0 | |a Vernacular architecture in its social context : |b a case study of Eressos, GREECE : a dissertation in architecture / |c Eleftherios Pavlides ; supervisor of dissertation Renata Holod. |
| 260 | |a Pennsylvania : |b University of Pennsylvania, |c 1985 | ||
| 300 | |a 442 σ. : |b εικ. ; |c 30 εκ. | ||
| 500 | |a Presented to the faculties of the University of Pennsylvania in Partial Fulfillment of the requirements for the degree of Doctor of Philosophy. Peter McCleary, graduate group chairperson. | ||
| 502 | |a Διατριβή (διδακτορική) - University of Pennsylvania, Philadelphia, 1985. | ||
| 504 | |a Περιλαμβάνει βιβλιογραφία. | ||
| 650 | 0 | 0 | |a Dissertations, Academic. |
| 650 | 0 | |a Vernacular architecture |z Greece |z Eresos. | |
| 650 | 0 | |a Architecture, Domestic |z Greece |z Eresos. | |
| 710 | 2 | |a University of Pennsylvania. | |
| 852 | |a INST |b LESVOS |c DIATROTHER |e 20000907 |h 38 |p 005100027476 |q 005100027476 |t PHD |y 23 | ||
| 901 | |a BIBL1-2000-3 | ||
| 909 | |a Λ |b 020348 | ||
| 970 | |a ΚΑΜΑΤΣΟΥ |b ΔΕΣΠΟΙΝΑ |z 2000/09/07 | ||